00516nam a2200157 i 4500001000300000100002200003245008400025260002100109040000800130041000800138942000700146008004100153999001700194856009800211952004900309bg1 aKNAPIK, Krzysztof 0aCzasowoprzestrzenna symulacja działania systemu dystrybucji wody /cK. Knapik. aKraków,c1989. cBPK apol cKS s pl f |000 0 pol  c29476d29476 uhttp://koha.tu.koszalin.pl/cgi-bin/koha/opac-detail.pl?biblionumber=29476yKatalog online BPK 00104070aBPKbBPKcwo35646p01607871yKS